000 00712nam a2200205Ia 4500
001 1438
003 GE_BSU
008 181216s||||||||xx |||||||||||||| ||und||
040 _cGE_BSU
080 _a911.2(470)
245 _aЛабораторные работы и межсессионные задания по физической географии СССР.
245 _bДля студ- заочников III-IVкурсов педагог. Ин-тов
260 _aМосква
260 _bПрсвещение
260 _c1983
300 _a175 с. 21 см.
541 _h7л.
653 _aЛабораторные работы по Физической географии
942 _cBK
999 _c35576
_d35576